Primeiro Nome dos Atores Brasileiros - Statistics

Estatísticas Gerais
  • Esse quiz foi jogado 447 vezes
  • A pontuação média é 20 de 30
Estatísticas das Respostas
Nome Sobrenome % Correto
Bruno Gagliasso
95%
Cauã Reymond
95%
Antônio Fagundes
94%
Caio Castro
90%
Fábio Assunção
89%
Tony / Lázaro Ramos
83%
Edson Celulari
82%
Reynaldo Gianecchini
80%
Murilo Benício
78%
Miguel Falabella
76%
Rodrigo Lombardi
76%
Marcos Palmeira
75%
José Wilker
72%
Paulo Vilhena
70%
Francisco Cuoco
68%
Thiago Lacerda
67%
Tarcísio Meira
64%
Marcelo Serrado
63%
Ney Latorraca
63%
Wagner Moura
63%
Lima Duarte
59%
Luciano Szafir
56%
Rômulo Estrela
52%
Domingos Montagner
50%
Alexandre Borges
45%
Leonardo Brício
37%
Diogo Vilela
35%
Milton Gonçalves
29%
Johnny Massaro
27%
Jackson Antunes
24%
Nenhum quiz correspondente encontrado
Distribuição das Pontuações
Porcentagem de Pessoas com Cada Pontuação
Percentil de Números Respondidos
Sua Pontuação Histórica
Você não jogou esse quiz